000 00778cam5a220024100 4500
001 qce00814337
005 20190830120608.0
008 721025s1966 wiub b 000 0 eng
010 _a 66022851
035 _a(Sirsi) r29378
035 _a(QCAT)lss00337632
035 _a(UPRA)qce00814337
040 _dUPRA
050 0 _aDT665.K3
_bG453
082 _a967.5/03
100 2 _aGerard-Libois, Jules.
_6A93746.1
245 1 0 _aKatanga secession /
_ctranslated by Rebecca Young.
260 _aMadison :
_bUniversity of Wisconsin Press,
_c1966.
504 _aBibliographical footnotes.
651 0 _aShaba (Zaire) -- Politics and government.
_xShaba (Zaire) -- Politics and government.
_6S67258.1
949 _aDT665.K3
_wlcc
_i-32099
_mMAIN
_tBOOK
_lON-SHELF
004 29378
999 _c196009
_d196009